LEADER 02968nam 2200577 a 450 001 9911019605203321 005 20230721021136.0 010 $a1-282-11260-0 010 $a9786612112607 010 $a0-470-37425-X 010 $a0-470-37423-3 035 $a(CKB)1000000000747680 035 $a(EBL)433787 035 $a(OCoLC)489563533 035 $a(SSID)ssj0000353894 035 $a(PQKBManifestationID)11280732 035 $a(PQKBTitleCode)TC0000353894 035 $a(PQKBWorkID)10305796 035 $a(PQKB)10351558 035 $a(MiAaPQ)EBC433787 035 $a(EXLCZ)991000000000747680 100 $a20080116d2009 uy 0 101 0 $aeng 135 $aur|n|---||||| 181 $ctxt 182 $cc 183 $acr 200 04$aThe biology and treatment of cancer$b[electronic resource] $eunderstanding cancer /$f[edited by] Arthur B. Pardee, Gary S. Stein 210 $aHoboken, N.J. $cWiley-Blackwell$dc2009 215 $a1 online resource (316 p.) 300 $aDescription based upon print version of record. 311 $a0-470-00958-6 320 $aIncludes bibliographical references and index. 327 $aTHE BIOLOGY AND TREATMENT OF CANCER; CONTENTS; Contributors; Preface; PART I: INTRODUCTION; 1 WHAT GOES WRONG IN CANCER; PART II: CLINICAL PERSPECTIVE; 2 CANCER AS A DISEASE: TYPES OF TUMORS, THEIR FREQUENCIES, AND THEIR PROGRESSION; 3 ENVIRONMENTAL, GENETIC, AND VIRAL CAUSES OF CANCER; 4 DIAGNOSIS AND TREATMENT OF MALIGNANT DISEASES; 5 CLINICAL CHALLENGES FOR TREATMENT AND A CURE; PART III: CANCER BIOLOGY; 6 UNDERSTANDING THE BIOLOGY OF CANCER; 7 MUTATIONS AND CELL DEFENSES; PART IV: CANCER DIAGNOSIS AND TREATMENT; 8 CANCER DETECTION AND BIOMARKERS 327 $a9 CLINICAL CHALLENGES FOR TREATMENT AND A CURE10 CLINICAL TRIALS IN ONCOLOGY; 11 THE DEVELOPMENT OF DRUGS: CURRENT CONCEPTS AND ISSUES; 12 A NEW GENERATION OF DRUGS IN CANCER TREATMENT: MOLECULARLY TARGETED THERAPIES; 13 EPIDEMIOLOGY: IDENTIFYING CANCER'S CAUSES; 14 CONSUMER HEALTH INFORMATION; Index 330 $aOffers a broad audience a concise presentation of the most up-to-date knowledge about the biology and treatment of cancerFull coverage of cancer prevention and controlClear, thorough discussion of current and possible future therapiesEdited by two of the most eminent and widely recognized scholars of cancer research and therapeutics in the world, with contributions from top researchers and clinicians from across North America 606 $aCancer$vPopular works 606 $aCancer$xTreatment$vPopular works 615 0$aCancer 615 0$aCancer$xTreatment 676 $a616.99/4 676 $a616.994 701 $aPardee$b Arthur B$g(Arthur Beck),$f1921-$01838423 701 $aStein$b Gary S$092073 801 0$bMiAaPQ 801 1$bMiAaPQ 801 2$bMiAaPQ 906 $aBOOK 912 $a9911019605203321 996 $aThe biology and treatment of cancer$94417388 997 $aUNINA LEADER 01235nam0 22002771i 450 001 UON00267579 005 20231205103741.425 010 $a85-7160-292-1 100 $a20051010f2004 |0itac50 ba 101 $apor 102 $aBR 105 $a|||| ||||| 200 1 $aAlmanaque pedagogico afro-brasileiro$euma proposta de intervençao pedagogica na superaçao do racismo no cotidiano escolar$fRosa Margarida de Carvalho 210 $aS.l.$cMazza, s.d 215 $a167 p.$cill.$d28 cm 423 1$1001UON00375610$12001 $aˆUma‰proposta de intervençao pedagogica na superaçao do racismo no cotidiano esacolar 606 $aRazzismo$xPedagogia$3UONC059634$2FI 676 $a370.19$cASPETTI SOCIALI DELL'EDUCAZIONE$v21 702 1$aROCHA$bRosa Margarida de Carvalho$3UONV160645 712 $aMazza ediçoes$3UONV271855$4650 801 $aIT$bSOL$c20260220$gRICA 899 $aSIBA - SISTEMA BIBLIOTECARIO DI ATENEO E ARCHIVIO STORICO$2UONSI 912 $aUON00267579 950 $aSIBA - SISTEMA BIBLIOTECARIO DI ATENEO E ARCHIVIO STORICO$dSI XII 0068 $eSI DA 1140 5 0068 996 $aAlmanaque pedagogico afro-brasileiro$91240746 997 $aUNIOR